LEADER 01083nam a2200277 i 4500 001 000000159954 003 CaOOAMICUS 005 20070307000000.0 008 070307s1998 it u000 u ita u 013 $a137317 020 $a88-7610-703-7 040 $aSeMil$bita 100 1 $aLavatori, Renzo.$0(OLS)http://semarc/name/9594 245 10$aSignore mostraci il Padre :$bil cristiano figlio di Dio nello Spirito /$cRenzo Lavatori. 250 $a2. ed. 260 $aMilano :$bÀncora,$c1998. 300 $a149 p. ;$c20 cm. 490 0 $aLe àncore 650 4$aDio - Padre - Meditazioni.$0(OLS)http://semarc/subject/12809 830 3$aLe àncore.$0(OLS)http://semarc/title/9339 850 $aSeMil 852 $aSeMil$W1$xVenegono$y1$m3F II 418$j111471$B111471$CSeMilBibl$Z2$F122714 $81 961 $aOmaggio: Altro 996 $6020$a88-7610-703-7$9(OLS)http://semarc/number/75638 996 $6245$aSignore mostraci il Padre :$bil cristiano figlio di Dio nello Spirito$9(OLS)http://semarc/title/142325 996 $6260$aMilano :$bÀncora$9(OLS)http://semarc/publisher/29763 LEADER 00925nam a2200217 i 4500 001 000000171066 003 CaOOAMICUS 005 20080417000000.0 008 080417s1941 it u000 u ita u 013 $a148490 040 $aSeMil$bita 100 1 $aLa Rochefoucauld, François : de,$d<1613-1680>.$0(OLS)http://semarc/name/18286 245 10$aMassime /$cLa Rochefoucauld ; A cura di Adele Morozzo Della Rocca. 260 $aTorino :$bUnione Tipografico-Editrice Torinese,$c1941. 300 $a155 p., [1] p. di ritratto ;$c19 cm. 500 $aIn mezzo al front : Ristampa stereotipa. 700 1 $aMorozzo Della Rocca, Adele.$0(OLS)http://semarc/name/26085 850 $aSeMil 852 $aSeMil$W1$xVenegono$y1$m1W II 80$j121943$B121943$CSeMilBibl$Z2$F133177 $81 996 $6245$aMassime$9(OLS)http://semarc/title/244715 996 $6260$aTorino :$bUnione Tipografico-Editrice Torinese$9(OLS)http://semarc/publisher/29628